000 00596cam a2200145 4500500
005 20251228061052.0
041 _afre
042 _adc
100 1 0 _aBarnier, Martin
_eauthor
245 0 0 _aValérie Vignaux, Georges Sadoul, un intellectuel en cinéma. Du surréalisme à l’histoire, Sesto San Giovanni, Mimésis, coll. Cinéma, 2023, 489 pages
260 _c2025.
500 _a51
786 0 _nQuestions de communication | 48 | 2 | 2025-12-12 | p. 510-515 | 1633-5961
856 4 1 _uhttps://shs.cairn.info/revue-questions-de-communication-2025-2-page-510?lang=fr&redirect-ssocas=7080
999 _c1587341
_d1587341